Podstata a význam podnikateľskej etiky.

Etické problémy, ktoré sa vynárajú v súvislosti s podnikavým myslením. Definícia a charakteristika podnikateľskej etiky a spoločenská zodpovednosť v podnikateľskej etike. Rozdelenie podnikateľskej etiky podľa predmetu skúmania. Otázky, predchádzajúce etickému rozhodovaniu.

Enregistré dans:
Détails bibliographiques
Auteur principal: Luknič, Arnold Steve
Format: Chapitre de livre
Langue:slovaque
Sujets:
Tags: Ajouter un tag
Pas de tags, Soyez le premier à ajouter un tag!

MARC

LEADER 00000naa a2200000 4500
001 r012135
005 20220831094409.5
041 0 |a slo 
044 |a SK 
245 1 0 |a Podstata a význam podnikateľskej etiky.  |c Arnold Luknic 
520 |a Etické problémy, ktoré sa vynárajú v súvislosti s podnikavým myslením. Definícia a charakteristika podnikateľskej etiky a spoločenská zodpovednosť v podnikateľskej etike. Rozdelenie podnikateľskej etiky podľa predmetu skúmania. Otázky, predchádzajúce etickému rozhodovaniu. 
610 2 0 |a etika 
610 2 0 |a podnikanie 
610 2 0 |a podnikatelia 
100 1 |a Luknič, Arnold Steve